01239 2200361 4500001002100000005001500021035002000036007000300056008004100059020002200100040002200122082001600144084001800160090002200178100003700200245016200237250005100399300003800450650001800488700003500506700003400541700003200575700003600607700003600643850001200679504002900691264003900720336002100759337003000780338002300810999002200833990002200855INLIS00000000087871120230523012014 a0010-0523000588ta230523s2022 yoi g ind d a978-623-7845-45-4 aYOPDYOGbinderda04223a336.014 a336.014 HAL p aCB-D.11 2022-35620 aHalkadri Fitrad1980-epengarang10aPenatausahaan keuangan desa yang transparan, akuntabel dan partisipatif /cHalkadri Fitra, Erly Mulyani, Salma Taqwa, Halmawati, Henri Agustin, Nurzi Sebrina aEdisi pertama: Cetakan pertama, September 2022 avi, 118 halaman :btabel ;c24 cm 4aKeuangan Desa0 aErly Mulyanid1978-epengarang0 aSalma Taqwad1973-epengarang0 aHalmawatid1974-epengarang0 aHenri Agustind1977-epengarang0 aNurzi Sebrinad1972-epengarang aYOPDYOG aBibliografi: halaman 10931aYogyakarta :bUPP STIM YKPN,c2022 2rdacontentateks 2rdamediaatanpa perantara 2rdacarrieravolume aCB-D.11/2022-3562 aCB-D.11/2022-3562